000 01247nam a22002537a 4500
003 DO-SdBNP
005 20240319114521.0
008 220823b2022 dr o|||| |||| 10| 0 spa d
020 _axxxxxxxxxxxxxx
040 _aDO-SdBNP
_bspa
_cBNPHU
082 4 _a 781.63098
_bC749L
_222
111 1 0 _aCongreso IASPM-AL
_n(14:
_d2020 :
_cMedellín, Colombia)
_982221
245 1 _aLe cayó la gota fría : formación, trabajo y economías de la música popular en América Latina; actas del XIV Congreso IASPM-AL = formacão, trabalho e economias da música popular na América Latina ; anais do XIV Congresso da IASPM-AL
260 _aSanto Domingo :
_bIASPM-AL,
_c2022
300 _a508 p. :
_bil., fots., mapa, retrs., tablas,
_c25 cm.
500 _aIncluye referencias bibliográficas y notas al pie de las páginas
500 _aTexto en español y portugués
650 4 _aMúsica popular latinoamericana
_xHistoria
_vCongresos, conferencias, etc.
_982222
650 4 _aMúsica popular latinoamericana
_xAspectos tecnológicos
_vCongresos, conferencias, etc.
_982223
651 4 _aTecnología y arte
_982224
700 1 _aTejeda, Darío
_eeditor
_92540
710 2 _a International Association for the Study of Popular Music
_979007
942 _2ddc
_cLBS1
999 _c52301
_d52301